DC Super Héros - Statistiques

Statistiques générales
  • Ce quiz a été pris 295 fois
  • Le résultat moyen est 14 sur 16
Statistiques - réponses
Par images Réponse % Correct
Superman
100%
Batman
99%
Flash
99%
Wonder Woman
98%
Aquaman
96%
Green Lantern
96%
Robin
94%
Supergirl
94%
Shazam
89%
Cyborg
87%
Batgirl
86%
Green Arrow
86%
Blue Beetle
67%
Hawkgirl
67%
Starfire
62%
Martian Manhunter
60%
Aucun quiz correspondant
Distribution des résultats
% des personnes avec chaque résultat
Percentile par nombre de réponses
Votre historique - résultats
Vous n’avez pas pris ce quiz